| 000 | 00347nam a22001457a 4500 | ||
|---|---|---|---|
| 020 | _a81-204-1076-9 | ||
| 041 | _aENG | ||
| 100 | _aMurty .V.V.N | ||
| 245 | _aLand And Water Development For Agriculture In The Asia -pacific Region | ||
| 260 |
_aDelhi _bOxford _c1996 |
||
| 300 | _a152 | ||
| 650 | _aIDE | ||
| 700 | _aTakeuchi .K | ||
| 856 | _uIDE | ||
| 999 |
_c393 _d393 |
||